000 00910nam a22002297a 4500
003 OSt
005 20260128094254.0
008 230320b ||||| |||| 00| 0 eng d
040 _cOst
041 _ashan
082 _a959.195919
245 _aပိုၼ်းၸၼ်ႉသၢမ်။
_cၵေႃတႅမ်ႈပပ်ႉႁဵၼ်းငဝ်ႈငုၼ်းၾိင်ႈငႄႈလိၵ်ႈလၢႆးပၢႆးပိင်ႇၺႃႇတႆး
250 _aပွၵ်ႈၵမ်း-2
260 _c2010
300 _a106 ၼႃႈ
_bႁၢင်ႈ (သီ)၊ ႁၢင်ႈၽႅၼ်ႇလိၼ်
_c26 ၸိၼ်ႇထီႇ
500 _a S-SAT: Dr. Prof Sai Aung Tun
504 _aပႃးၽိုၼ်ဢိင်
650 _aပိုၼ်းတႆး
_920580
650 _aပပ်ႉၵၢၼ်ႁဵၼ်း
_97196
942 _cBK
942 _2ddc
999 _c23418
_d23418